000 00638nam a2200277Ia 4500
005 20260324144028.0
008 008 260324s9999 xx 000 0 eng d
020 _a9781315492698
037 _aEBOOK
040 _aCRL
040 _beng
040 _cCRL
041 _2eng
041 _aeng
084 _qCRL
100 _aRuth Hayhoe
_91208812
245 0 _aChina's Universities and the Open Door
260 _bTaylor and Francis
260 _c1989
365 _a
365 _b230
856 _uhttp://www.taylorfrancis.com/books/9781315492698
942 _cEBOOK
999 _c1823928
_d1823928